Sąsiedzi sąsiadów Węgier - Statystyki

Ogólne statystyki
  • Ten quiz został rozwiązany 37 razy
  • Średni wynik to 11 z 13
Statystyki odpowiedzi
Państwo % Poprawnych
Polska
96%
Niemcy
89%
Kosowo
86%
Włochy
86%
Bośnia i Hercegowina
82%
Szwajcaria
82%
Bułgaria
79%
Czarnogóra
79%
Czechy
79%
Mołdawia
79%
Rosja
79%
Liechtenstein
75%
Macedonia Północna
75%
Nie znaleziono quizów pasujących do podanych kryteriów
Rozkład punktacji
Procent ludzi z każdym wynikiem
Percentyl według liczby udzielonych odpowiedzi
Twoja historia wyników
Nie rozwiązałeś tego quizu